Guía de posgrado 1997 : universidades nacionales, institutos universitarios nacionales, universidades privadas, institutos universitarios privados.
Guardado en:
| Autor Corporativo: | |
|---|---|
| Formato: | Libro |
| Idioma: | Spanish |
| Publicado: |
Buenos Aires,
1997.
|
| Acceso en línea: | Texto completo |
| Etiquetas: |
Agregar Etiqueta
Sin Etiquetas, Sea el primero en etiquetar este registro!
|
| LEADER | 00791nam a22001695a 4500 | ||
|---|---|---|---|
| 001 | EEA.libagro006137 | ||
| 005 | 20161006090908.0 | ||
| 008 | 130809s1997####ag############000#0#spa#d | ||
| 082 | 0 | 4 | |a 378.20982 |
| 082 | 0 | 4 | |a 378.1553 |
| 110 | 2 | |a Argentina. |b Ministerio de Cultura y Educación. |b Secretaría de Políticas Universitarias. | |
| 245 | 1 | 0 | |a Guía de posgrado 1997 : |b universidades nacionales, institutos universitarios nacionales, universidades privadas, institutos universitarios privados. |
| 260 | |a Buenos Aires, |c 1997. | ||
| 300 | |a 194 p. ; |c 30 cm. | ||
| 530 | |a Disponible también en línea. | ||
| 856 | |u http://repositorio.educacion.gov.ar:8080/dspace/bitstream/handle/123456789/91941/pgrado97.pdf?sequence=1 |3 Texto completo | ||
| 859 | |a AR-BbBCA |b BIB. AGRONOMIA |h R378.20982 |i A691 1997 |p 1998/3496 | ||
